01263nam a22003251i 4500001001300000005001700013006001900030007001500049008004100064020001800105020002700123035001000150040003100160050002400191082001500215100006100230245014400291250002300435264004900458300006800507336002600575337002600601338003600627490007300663504004100736650001500777650003700792830006700829856004100896bslw1006848620240305165654.0m o d cr un ---uuuua230713s2019 ck a ob 000 0 spa d a9789587717693 a9789587717709q(eISBN) a38706 aUtOrBLWbengerdacUtOrBLW 4aHF5681.V3bM36 201904a657.732231 aMantilla B., Samuel Albertoq(Mantilla Blanco),eauthor.10aValores razonables :bperspectiva de los estándares internacionales de información financiera para pymes /cSamuel Alberto Mantilla B.. aPrimera edición. 1aBogotá, Colombia :bEcoe Ediciones,c2019. a1 online resource (xi, 202 pages) :billustrations (some color) atextbtxt2rdacontent acomputerbc2rdamedia aonline resourcebcr2rdacarrier1 aColección: Ciencias Empresariales. Área: Contabilidad y Finanzas aIncludes bibliographical references. 0aValuation. 0aFinancial statementsxStandards. 0aColección: Ciencias Empresariales.pContabilidad y Finanzas.40uhttps://app.vlex.com/#/sources/38706